China's Belt and Road vision : (Record no. 12515)
[ view plain ]
| 000 -LEADER | |
|---|---|
| fixed length control field | 01712aam a22003611a 4500 |
| 001 - CONTROL NUMBER | |
| JCCL Control Number | 12515 |
| 003 - CONTROL NUMBER IDENTIFIER | |
| JCCL marc code | BD-JhCC |
| 005 - DATE AND TIME OF LATEST TRANSACTION | |
| control field | 20220612123335.0 |
| 008 - FIXED-LENGTH DATA ELEMENTS--GENERAL INFORMATION | |
| fixed length control field | 220611s2020 sz |||||o |||| ||eng |
| 020 ## - INTERNATIONAL STANDARD BOOK NUMBER | |
| Cancelled/invalid ISBN | 9783030362430 |
| 035 ## - SYSTEM CONTROL NUMBER | |
| system control number | BD-JhCC (12515) |
| 040 ## - CATALOGING SOURCE | |
| Original cataloging agency | Uk |
| Transcribing agency | Uk |
| Modifying agency | BD-JhCC |
| 041 ## - LANGUAGE CODE | |
| Language code of Book | eng |
| 082 04 - DEWEY DECIMAL CLASSIFICATION NUMBER | |
| Classification number | 330.951 |
| DDC Edition number | 23 |
| Author mark and Year | ALI 2020 |
| 100 1# - MAIN ENTRY--PERSONAL NAME | |
| Personal name | Ali, S. Mahmud, |
| Dates associated with a name | 1952- |
| 245 10 - TITLE STATEMENT | |
| Title | China's Belt and Road vision : |
| Remainder of title | geoeconomics and geopolitics / |
| Statement of responsibility, etc | S. Mahmud Ali. |
| 260 ## - PUBLICATION, DISTRIBUTION, ETC. (IMPRINT) | |
| Place of publication, distribution, etc | Switzerland : |
| Name of publisher, distributor, etc | Springer, |
| Date of publication, distribution, etc | 2020. |
| 300 ## - PHYSICAL DESCRIPTION | |
| Pagination | 1 online resource (330 pages). |
| 490 1# - SERIES STATEMENT | |
| Series statement | Global power shift, |
| International Standard Serial Number | 2198-7343 |
| 500 ## - GENERAL NOTE | |
| General note | Academic |
| 505 0# - FORMATTED CONTENTS NOTE | |
| Formatted contents note | 1. Introduction.- 2. Fear Factor - Strategists vs. Bankers.- 3. Belt-and-Road: An Evolving Network.- 4. East Meets West: Belt and Road Initiative's Eclectic Origins.- 5. Case Study 1: The China-Pakistan Economic Corridor.- 6. Case Study 2: The 21st Century Maritime Silk Road.- 7. Conclusion: Geoeconomics or Geopolitics?. |
| 506 1# - RESTRICTIONS ON ACCESS NOTE | |
| Terms governing access | Legal Deposit; |
| Physical access provisions | Only available on premises controlled by the deposit library and to one user at any one time; |
| Authorization | The Legal Deposit Libraries (Non-Print Works) Regulations (UK). |
| Institution to which field applies | UkOxU |
| 540 ## - TERMS GOVERNING USE AND REPRODUCTION NOTE | |
| Terms governing use and reproduction | Restricted: Printing from this resource is governed by The Legal Deposit Libraries (Non-Print Works) Regulations (UK) and UK copyright law currently in force. |
| Institution to which field applies | UkOxU |
| 650 #0 - SUBJECT ADDED ENTRY--TOPICAL TERM | |
| Topical term or geographic name as entry element | Regional economics |
| Geographic subdivision | China |
| Chronological subdivision | 21st century. |
| 650 #7 - SUBJECT ADDED ENTRY--TOPICAL TERM | |
| Topical term or geographic name as entry element | Economic policy. |
| 650 #7 - SUBJECT ADDED ENTRY--TOPICAL TERM | |
| Topical term or geographic name as entry element | International economic relations. |
| 651 #0 - SUBJECT ADDED ENTRY--GEOGRAPHIC NAME | |
| Geographic name | China |
| General subdivision | Economic policy |
| Chronological subdivision | 2000- |
| 651 #0 - SUBJECT ADDED ENTRY--GEOGRAPHIC NAME | |
| Geographic name | China |
| General subdivision | Foreign economic relations. |
| 651 #7 - SUBJECT ADDED ENTRY--GEOGRAPHIC NAME | |
| Geographic name | China. |
| 830 #0 - SERIES ADDED ENTRY--UNIFORM TITLE | |
| Uniform title | Global power shift. |
| 942 ## - ADDED ENTRY ELEMENTS (KOHA) | |
| Source of classification or shelving scheme | Dewey Decimal Classification |
| Koha item type | Books |
| Source of classification or shelving scheme | Damaged status | Not for loan | Home library | Current library | Shelving location | Date of accession | Total Checkouts | Full call number | Barcode | Date last seen | Copy number | Koha item type |
|---|---|---|---|---|---|---|---|---|---|---|---|---|
| Dewey Decimal Classification | JCC Rouf Library | JCC Rouf Library | General Stacks | 06/12/2022 | 330.951 ALI 2020 | 17375 | 06/12/2022 | C-1 | Books |